| 000 | 01345nam0a2200313 4500 | ||
|---|---|---|---|
| 001 | RU\NLR\bibl\1154218 | ||
| 005 | 20250615081109.0 | ||
| 010 |
_a978-5-291-00138-7 _9500 |
||
| 021 |
_aRU _b2007-67327 _93610 |
||
| 035 | _a(NLR Aleph) 001141000 | ||
| 090 |
_a1417645 _c1417645 |
||
| 100 | _a20071114d2007 |||y0rusy50 ca | ||
| 101 | 0 | _arus | |
| 102 | _aRU | ||
| 105 | _aa ||||||||| | ||
| 200 | 1 |
_aУклонения от военной службы (исторические, уголовно-правовые, криминологические аспекты) _fЮ.П. Оноколов _gМоск. гуманит.-экон. ин-т, Новорос. фил. |
|
| 210 |
_aНовороссийск _cИзд-во СТМ Торг _d2007 |
||
| 215 |
_a164 с. _cил. _d30 |
||
| 320 | _aБиблиогр.: с. 157-163 и в подстроч. примеч. | ||
| 606 | 1 |
_aУклонение от призыва на действительную военную службу _yРоссийская Федерация _92351348 _3RU\NLR\auth\661404748 |
|
| 686 | _aХ628.112.222 | ||
| 686 | _aЦ4,6(2Р)231 | ||
| 686 | _aЦ4,6(2Р)276 | ||
| 700 | 1 |
_aОноколов _bЮ. П. _gЮрий Павлович _4070 |
|
| 801 | 0 |
_aRU _bNLR _c20071114 _gRCR |
|
| 801 | 1 |
_aRU _bNLR _c20071114 |
|
| 942 | _cBOOK | ||
| 980 | _aNB | ||